Δημιουργία διαδικτυακής εφαρμογής (site) για τα αλώνια Μεσοτόπου Λέσβου : μεταπτυχιακή διπλωματική εργασία
Αποθηκεύτηκε σε:
| Κύριος συγγραφέας: | |
|---|---|
| Συγγραφή απο Οργανισμό/Αρχή: | |
| Άλλοι συγγραφείς: | , |
| Μορφή: | Thesis Βιβλίο |
| Γλώσσα: | Greek |
| Δημοσίευση: |
2012
|
| Θέματα: | |
| Διαθέσιμο Online: | http://hdl.handle.net/11610/16143 |
| Ετικέτες: |
Προσθήκη ετικέτας
Δεν υπάρχουν, Καταχωρήστε ετικέτα πρώτοι!
|
MARC
| LEADER | 00000cam a2200000 i 4500 | ||
|---|---|---|---|
| 001 | 1/21443 | ||
| 008 | 120627s2012 gre d | ||
| 035 | |l 10112873 | ||
| 040 | |a GR-MY-UA |b gre |e aacr | ||
| 041 | 0 | |a gre | |
| 082 | 0 | |a 630 |2 (22) | |
| 100 | 1 | |a Σαραντίδου, Ανδριανή. | |
| 245 | 1 | 0 | |a Δημιουργία διαδικτυακής εφαρμογής (site) για τα αλώνια Μεσοτόπου Λέσβου : |b μεταπτυχιακή διπλωματική εργασία / |c Ανδριανή Κ. Σαραντίδου ; επιβλέπουσα: Ειρήνη Στάθη, συνεπιβλέπων: Δημήτριος Παπαγεωργίου |
| 260 | |c 2012 | ||
| 300 | |a 102 σ.; |b εικ.; |c 30 εκ. | ||
| 500 | |a Βιβλιογραφία: σ. 84-85 | ||
| 502 | |a Διατριβή (μεταπτυχιακή) – Πανεπιστήμιο Αιγαίου, Λέσβος, 2012. | ||
| 650 | 0 | 0 | |a Web sites |x Design |x Case studies. |
| 650 | 0 | 0 | |a Web site development. |
| 650 | 0 | |a Agriculture |z Greece |z Mesotopos. | |
| 650 | 0 | 0 | |a Dissertations, Academic |z Greece. |
| 651 | 0 | |a Mesotopos (Greece) | |
| 700 | 1 | |a Στάθη, Ειρήνη. |4 ths | |
| 700 | 1 | |a Παπαγεωργίου, Δημήτρης. |4 ths | |
| 710 | 2 | |a Πανεπιστήμιο Αιγαίου. |b Σχολή Κοινωνικών Επιστημών. |b Τμήμα Πολιτισμικής Τεχνολογίας και Επικοινωνίας. |b Πρόγραμμα Μεταπτυχιακών Σπουδών Πολιτισμική Πληροφορική και Επικοινωνία. | |
| 852 | |a INST |b LESVOS |c DIATR |e 20120627 |h 433 |p 005100052205 |q 005100052205 |t MTXE |y 23 | ||
| 852 | |a INST |b LESVOS |c DIATR |e 20120627 |h 434 |p 005100052204 |q 005100052204 |t MTXE |y 23 | ||
| 856 | |u http://hdl.handle.net/11610/16143 | ||
| 901 | |a BIBL1-2012-2 | ||
| 909 | |a Λ |b 173712 | ||
| 909 | |a Λ |b 173713 | ||
| 924 | |a ΣΑΡΑΝΤΙΔΟΥ |b ΑΝΔΡΙΑΝΗ |y ΛΕΣΒΟΣ |z 2012-03 | ||
| 970 | |a ΤΖΑΦΕΡΗ |b ΕΥΑΓΓΕΛΙΑ |z 2012/06/27 | ||